00217nam a2200085Ia 4500008004100000100001500041245004000056260002300096260001200119180219s9999 xx 000 0 und d aSingh Gaya 0aBharat Me Shashik Padthti Ka Vikash a"R.Lall Book Depot cMeerut"